000 00654nam a2200181 4500
001 132788
003 ES-MaACL
005 20230906194242.0
007 t|
008 070214s1966 sp r ||||1| spa d
100 1 _aRosenberger, Gustav.
_999731
245 1 0 _aExploración clínica del ganado vacuno /
_cGustav Rosenberger ; con la colaboración de G. Dirksen [et. al.] ; traducción de Clemente Sánchez-Garnica Montes.
260 _aBarcelona :
_bLabor,
_c1966.
300 _aXII, 234 p., 6 lám. :
_bil. ;
_c25 cm.
700 1 _aDirksen, G.
_944870
700 1 _aSánchez-Garnica Montes, Clemente.
_9102666
852 _aES-MaACL
_jC-30337
_bR.60839
999 _c132788
_d132788